Etiqueta de registo: 00254nam 2200025 450
001 2226051
003 http://id.bnportugal.gov.pt/bib/catbnp/2226051
010 ## $a978-989-38-0043-0
021 ## $aPT$b551215/25
100 ## $a20250912d2025 m y0pory01030103ba
101 0# $apor
102 ## $aPT
105 ## $ay z 000zy
106 ## $ar
200 1# $a As imperfeições da utopia$fJP Freire
210 #9 $aLisboa$cChiado Books,$d2025
215 ## $a253, [5] p.$cil.$d23 cm
675 ## $a821.134.3-84"20"$vBN$zpor$31092794
700 #1 $aFreire,$bJP,$f1973-$31966267
801 #0 $aPT$bBN$gRPC
856 41 $uhttp://rnod.bnportugal.gov.pt/ImagesBN/winlibimg.aspx?skey=&doc=2226051&img=213654&save=true
900 ## $aBIBNAC$d20251017
966 ## $lBN$mFGMON$sL. 167871 V.$x1
971 ## $cjbeatriz$d20250912
972 ## $e0$z0$d20251017$vasantos
973 ## $cacosta$d20250930
974 ## $e0$d20251015$vrsimoes